Escudos españoles (muchos) #2 - Estadísticas

Estadísticas generales
  • Esta prueba ha sido intentada 58 veces
  • La puntuación promedio es 15 de 16
Estadísticas de respuestas
Imagen Respuesta % Correcto
Almeria
100%
Cádiz
100%
Eibar
100%
Elche
100%
Espanyol
100%
Granada
100%
Leganés
100%
Burgos
98%
Celta
98%
Levante
98%
Racing de Santander
96%
Racing de Ferrol
94%
Valladolid
90%
Sporting de Gijón
88%
Oviedo
85%
Tenerife
85%
No se encontraron pruebas coincidentes
Distribución de puntuación
Porcentaje de gente con cada puntuación
Porcentaje por número respondido
Historial de tus puntuaciones
No has intentado esta prueba.